00513nam a2200193 a 4500001001300000003000900013005001700022008004100039020001000080082001500090100002000105245005500125260004900180300000900229500003500238505001000273650001600283700002000299nice12345678IN_TiNIC20260116012414.0050524s1985 chha grp 000 0 hin  ac10000a231.3bERI aErik, Bernspang aPavitr Aatma Hamara Mitrb Holy Spirit Our Friend. aChhinwara, M.PbEvangelistic Secretaryc1985 a216p aincludes index and biblioraphy2 aIndex aHoly Spirit1 aErik, Bernspang